[Event "Olavarria op"]
[Site "Olavarria"]
[Date "2019.04.01"]
[Round "6"]
[White "Lamique, Florencia"]
[Black "Marateo, Diego"]
[Result "0-1"]
[WhiteElo "1213"]
[BlackElo "1687"]
[PlyCount "48"]
[EventDate "2019.03.11"]
[EventType "swiss"]
[EventRounds "9"]
[EventCountry "ARG"]
[SourceTitle "CBM 190 Extra"]
[Source "ChessBase"]
[SourceDate "2019.07.15"]
[SourceVersion "1"]
[SourceVersionDate "2019.07.15"]
[SourceQuality "1"]

1. c4 Nf6 2. g3 g6 3. Bg2 Bg7 4. Nf3 d6 5. 0-0 0-0 6. e4 Nxe4 7. d4 Nd7 8. Ng5 Nxg5 9. Bxg5 h6 10. Be3 e5 11. d5 b6 12. Nc3 a5 13. Na4 Ba6 14. b3 f5 15. Rc1 Kh8 16. Qd2 g5 17. h4 f4 18. gxf4 gxf4 19. Bxb6 cxb6 20. Be4 Qxh4 21. Bb1 f3 22. Rfd1 Qg4+ 23. Kf1 Qg2+ 24. Ke1 Qg1# 0-1

[Event "Olavarria op"]
[Site "Olavarria"]
[Date "2019.03.25"]
[Round "4"]
[White "Cura, Federico"]
[Black "Lamique, Florencia"]
[Result "1-0"]
[WhiteElo "1167"]
[BlackElo "1213"]
[PlyCount "107"]
[EventDate "2019.03.11"]
[EventType "swiss"]
[EventRounds "9"]
[EventCountry "ARG"]
[SourceTitle "CBM 190 Extra"]
[Source "ChessBase"]
[SourceDate "2019.07.15"]
[SourceVersion "1"]
[SourceVersionDate "2019.07.15"]
[SourceQuality "1"]

1. e4 e5 2. Nf3 Nc6 3. Bc4 Nf6 4. d3 Bc5 5. 0-0 0-0 6. h3 d6 7. c3 h6 8. d4 exd4 9. cxd4 Bb4 10. a3 Ba5 11. b4 Bb6 12. Re1 Re8 13. Nc3 Bd7 14. Na4 Nxe4 15. Nxb6 axb6 16. d5 Nb8 17. Bb2 b5 18. Bd3 f5 19. Qc2 Ng5 20. Rxe8+ Bxe8 21. Bxf5 Nd7 22. Qc3 Nxf3+ 23. Qxf3 Ne5 24. Qc3 c6 25. f4 Qb6+ 26. Kh1 cxd5 27. fxe5 dxe5 28. Qxe5 Qf6 29. Qxf6 gxf6 30. Bxf6 Ra6 31. Bb2 Rd6 32. Re1 Kf8 33. Rf1 Kg8 34. Rf3 Bh5 35. Rg3+ Kf8 36. Bd4 Rd8 37. Bc5+ Kf7 38. Bd3 Re8 39. Re3 Rg8 40. Bxb5 d4 41. Bxd4 Rc8 42. Kh2 Rc1 43. a4 Rd1 44. Bc5 Kf6 45. a5 Bf7 46. Re7 Bd5 47. Rd7 Rd2 48. Kg3 Rxg2+ 49. Kh4 Be6 50. Rxb7 Rh2 51. Bf1 Kg6 52. a6 h5 53. Bd3+ Kf6 54. Bd4# 1-0